000 00435nam a2200157Ia 4500
008 210716s2011 xx 000 0 und d
020 _a9788184898040
041 _aeng
082 _a005.368 ZHAK
100 _aZhang, Kang.
245 _aSoftware visualization: from theory to practice.
_bFrom theory to practice.
250 _a1
260 _aNew Delhi
_bSpringer
_c2011
650 _aSoftware Engineering
700 _aZhang, Kang.
999 _c194377
_d194377